000 00834nam a2200229Ii 4500
003 JO-AjNU
008 230605s9999||||xx |||||||||||||| ||und||
017 _a86/7173
020 _a977-103-308-5
040 _aJO-AjNU
_bara
_erda
_cJO-AjNU
041 _aara
050 1 4 _aKRM4498.M8738.1986
100 3 _aمصطفى، حسنى,
_eauthor
_918508
245 0 0 _aجريمة البلاغ الكاذب في ضوء القضاء والفقه
264 3 1 _aالاسكندرية : منشأة المعارف ، 1986
300 _a133ص
336 _atext
_btxt
_2rdacontent
337 _aunmediated
_bn
_2rdamedia
338 _avolume
_bnc
_2rdacarrier
490 0 _aسلسلة الكتب القانونية
650 4 _aالقانون الجنائي جرائم البلاغ الكاذب -- قوانين وتشريعات -- مصر
_918509
999 _aA5932
_c9500
_d9500